Rois de la mythologie grecque - Statistiques

Statistiques générales
  • Ce quiz a été pris 77 fois
  • Le résultat moyen est 13 sur 60
Statistiques - réponses
Hint Réponse % Correct
Ithaque (île) Ulysse
95%
Mycènes Agamemnon
75%
Sparte Ménélas
73%
Crète Minos
73%
Troie Priam
73%
Athènes Thésée
66%
Égée
55%
Iolcos Jason
55%
Phtie Achille
53%
Thèbes Œdipe
50%
Salamine Ajax
39%
Locride Ajax
39%
Calydon Œnée
38%
Argos Persée
34%
Pylos Nestor
28%
Pélée
25%
Oreste
23%
Sisyphe
23%
Créon
20%
Diomède
20%
Thrace Diomède
20%
Laërte
20%
Laïos
20%
Phrygie Tantale
17%
Corinthe Bellérophon
16%
Égine (île) Éaque
16%
Lapithes Ixion
14%
Atrée
13%
Élide Augias
13%
Cadmos
13%
Étéocle
13%
Arcadie Lycaon
11%
Polynice
11%
Tyndare
9%
Colchide Éétès
8%
Argolide Eurysthée
8%
Idoménée
8%
Lycie Sarpédon
8%
Phéacie Alcinoos
6%
Libye Danaos
6%
Pélias
6%
Pise Pélops
6%
Tyr Agénor
5%
Cécrops
5%
Éthiopie Céphée
5%
Égypte Égyptos
5%
Érichthonios
5%
Éson
5%
Labdacos
5%
Laomédon
5%
Pirithoos
5%
Sérifos (île) Polydectès
5%
Acaste
3%
Polybe
3%
Polydore
3%
Sthénélos
3%
Acrisios
2%
Lycurgue
2%
Œnomaos
2%
Thessalie Salmonée
2%
Aucun quiz correspondant
Distribution des résultats
% des personnes avec chaque résultat
Percentile par nombre de réponses
Votre historique - résultats
Vous n’avez pas pris ce quiz